000 00599nam a22001337a 4500
040 _cRUA
082 _aAGR SEN 2107 B646 Or.1
100 _aseng bros សេង​​ ប្រុស
245 _acomp arison of urea fertilizer rate on bunching onion (allium fistulosum) ប្រៀបធៀបកម្រិតជីអ៊ុយរ៉េខុសៗគ្នាលើដំណាំខ្ទឹមស្លឹក
260 _aphnom penh
_brua
_c2017
300 _aix;23p
_bill;
_c29cm
856 _uhttps://drive.google.com/file/d/1J0lqlc3kclcKcCuHk7tmsJDeezYGnJcz/view?usp=sharing
942 _cAGR
999 _c18230
_d18230